Mothers Babies and Disease in Later Life (Record no. 153731)

MARC details
000 -LEADER
fixed length control field 00394nam a2200145Ia 4500
008 - FIXED-LENGTH DATA ELEMENTS--GENERAL INFORMATION
fixed length control field 230411s9999 xx 000 0 und d
020 ## - INTERNATIONAL STANDARD BOOK NUMBER
International Standard Book Number 0-7279-0835-9
041 ## - LANGUAGE CODE
Language code of text/sound track or separate title eng
082 ## - DEWEY DECIMAL CLASSIFICATION NUMBER
Classification number OG/616.071/BAR/B02551
100 ## - MAIN ENTRY--PERSONAL NAME
Personal name Barker DJP
9 (RLIN) 177469
245 ## - TITLE STATEMENT
Title Mothers Babies and Disease in Later Life
260 ## - PUBLICATION, DISTRIBUTION, ETC. (IMPRINT)
Name of publisher, distributor, etc. BMJ Publishing Group
Place of publication, distribution, etc. London
Date of publication, distribution, etc. 1994
300 ## - PHYSICAL DESCRIPTION
Extent 180p
Holdings
Withdrawn status Lost status Damaged status Not for loan Collection code Home library Current library Date acquired Vendor Cost, normal purchase price Bill number Total Checkouts Full call number Barcode Date last seen Cost, replacement price Bill Date Koha item type Original Barcode
        Gynecology Smt. Bakul Tambat Institute of Nursing Education Smt. Bakul Tambat Institute of Nursing Education 03/08/2005 British Library 30.00 181   OG 616.071 BAR B02551 BTIN-BK-2551 11/04/2023 30.00 03/08/2005 Books B02551